Sobre la historia de la religión y la filosofía en Alemania /

Gorde:
Xehetasun bibliografikoak
Egile nagusia: Heine, Heinrich (autor)
Beste egile batzuk: Velasco Arroyo, Juan Carlos (ed.) (ed.), Sacristán, Manuel (tr.) (tr.)
Formatua: Liburua
Hizkuntza:gaztelania
Argitaratua: Madrid, España : Alianza, 2008, c2008
Saila:(El Libro de Bolsillo ; Humanidades) 4481.
Gaiak:
Etiketak: Etiketa erantsi
Etiketarik gabe, Izan zaitez lehena erregistro honi etiketa jartzen!

MARC

LEADER 00000nam^a2200000^a^4500
001 000296321
005 20250521000000.0
009 20260310112303.888
020 |a 978-84-206-6226-8 
037 |a Acervo Xavier Clavigero 
041 |a ESP 
082 |a 193.  |b HEI 
100 |a Heine, Heinrich  |e (autor) 
245 1 0 |a Sobre la historia de la religión y la filosofía en Alemania /  |c H. Heine ; ed. de J.C. Velasco Arroyo ; tr. por M. Sacristán. 
264 4 |a Madrid, España :  |b Alianza,  |c 2008, c2008 
300 |a 258 p. 
336 |a texto  |b txt  |2 rdacontenido 
337 |a sin mediación  |b n  |2 rdamedio 
338 |a volumen  |b nc  |2 rdasoporte 
440 3 |a (El Libro de Bolsillo ;  |v 4481.  |p Humanidades) 
649 |a XX 
650 |a Religión -  |x Filosofía -  |x Tema Principal 
650 |a Religión -  |z Alemania -  |x Historia 
650 |a Filosofía Alemana -  |x Historia y Crítica -  |x Tema Principal 
650 |a Filosofía Moderna -  |z Alemania -  |x Historia y Crítica 
700 |a Velasco Arroyo, Juan Carlos  |e (ed.) 
700 |a Sacristán, Manuel  |e (tr.) 
910 |a Fondo General 
920 |a Impresos - Libros 
930 |a Colección General 
905 |a 101 
901 |a 0500181842  |b IT1  |c ACC  |i FXC C738  |u 20250521 
902 |a https://opac.biblio.iteso.mx/vufind/Record/000296321